000
00223nam a2200121Ia 4500
100
_a
HARRY D SCHUFFS
942
_c
BK
245
_a
PANICS & CRASHES
260
_b
#N/A
300
_a
253
546
_a
ENGLISH
999
_c
30452
_d
30452